Demografická kríza - zvládnuteľná hrozba

Podrobná bibliografia
Hlavný autor: Tomanová, Viera, 1948- (Autor)
Médium: Článok
Jazyk:slovenčina
Fyzický popis:Fotogr.
ISSN:1335-468X
Predmet:

MARC

LEADER 00000nab a2200000 ar4500
001 vtls009355334
003 SK-MaSNL
005 20260426084627.0
008 081030c2008 xo wr|p|||||||000 b|slo
015 |a SNBRB2008/10  |2 snkbucl 
040 |a SNKBUCL  |b slo  |c SNKBUCL  |e AACR2 
041 0 |a slo 
044 |a xo  |c SK 
080 |a 314.1  |x (437.6)  |2 2001 
080 |a 316.356.2  |x (437.6)  |2 2001 
080 |a 364.4  |x (437.6)  |2 2001 
080 |a 347.61  |x (437.6)  |2 2001 
100 1 |a Tomanová, Viera,  |d 1948-  |4 aut  |9 100237 
245 1 0 |a Demografická kríza - zvládnuteľná hrozba  |c Viera Tomanová 
300 |b Fotogr. 
650 0 7 |a demografický vývoj  |2 snkbucl  |9 3826 
650 0 7 |a rodinná politika  |2 snkbucl  |9 3722 
650 0 7 |a sociálna politika  |2 snkbucl  |9 2333 
651 7 |a Slovensko  |2 snkbucl  |9 14231 
773 0 |t Slovo : spoločensko-politický týždenník  |g Roč. X, č. 42 (2008), s. 3  |x 1335-468X 
852 |a SNK  |b KIS3GCP 
958 |a SK 
999 |c 2939366  |d 2941296